Calculus : (Record no. 10236)
[ view plain ]
| 000 -LEADER | |
|---|---|
| fixed length control field | 01077nac a22002891u 4500 |
| 090 ## - LOCALLY ASSIGNED LC-TYPE CALL NUMBER (OCLC); LOCAL CALL NUMBER (OCLC) | |
| -- | 10236 |
| 008 - FIXED-LENGTH DATA ELEMENTS--GENERAL INFORMATION | |
| fixed length control field | 081021t xxu||||| |||| 00| 0 eng d |
| 010 ## - | |
| -- | 2001030156 |
| 020 ## - INTERNATIONAL STANDARD BOOK NUMBER | |
| International Standard Book Number | 9780072826234 (alk. paper) |
| 020 ## - INTERNATIONAL STANDARD BOOK NUMBER | |
| International Standard Book Number | 0072826231 : |
| 082 00 - DEWEY DECIMAL CLASSIFICATION NUMBER | |
| Classification number | 515 |
| Item number | SMI |
| 100 ## - MAIN ENTRY--PERSONAL NAME | |
| Personal name | Smith, Robert T. |
| Dates associated with a name | 1955- |
| 245 10 - TITLE STATEMENT | |
| Title | Calculus : |
| Statement of responsibility, etc | Robert T. Smith, Roland B. Minton. |
| Remainder of title | Concepts & Connections / |
| 250 ## - EDITION STATEMENT | |
| Edition statement | 3rd ed. |
| 260 ## - | |
| -- | Boston : |
| -- | McGraw-Hill,2006. |
| -- | c2006. |
| 300 ## - PHYSICAL DESCRIPTION | |
| Extent | xxviii, 1104 p. : |
| Other physical details | ill. (some col.) ; |
| Dimensions | 26 cm. |
| 336 ## - CONTENT TYPE | |
| Source | rdacontent |
| Content type term | text |
| Content type code | txt |
| 337 ## - MEDIA TYPE | |
| Media type term | unmediated |
| Source | rdamedia |
| Media type code | n |
| 338 ## - CARRIER TYPE | |
| Carrier type term | volume |
| Carrier type code | nc |
| Source | rdacarrier |
| 500 ## - GENERAL NOTE | |
| General note | Distributed by Bacca |
| 504 ## - BIBLIOGRAPHY, ETC. NOTE | |
| Bibliography, etc | Includes bibliographical references and index. |
| 650 #0 - SUBJECT ADDED ENTRY--TOPICAL TERM | |
| Topical term or geographic name as entry element | Calculus. |
| 700 1# - ADDED ENTRY--PERSONAL NAME | |
| Personal name | Minton, Roland B., |
| Dates associated with a name | 1956- |
| 856 41 - ELECTRONIC LOCATION AND ACCESS | |
| Materials specified | Table of contents only |
| Uniform Resource Identifier | <a href="http://www.loc.gov/catdir/enhancements/fy0612/2001030156-t.html">http://www.loc.gov/catdir/enhancements/fy0612/2001030156-t.html</a> |
| 856 41 - ELECTRONIC LOCATION AND ACCESS | |
| Materials specified | Publisher description |
| Uniform Resource Identifier | <a href="http://www.loc.gov/catdir/enhancements/fy0612/2001030156-d.html">http://www.loc.gov/catdir/enhancements/fy0612/2001030156-d.html</a> |
| 942 ## - ADDED ENTRY ELEMENTS (KOHA) | |
| Koha item type | Book - Borrowing |
| Call number prefix | 515SMI |
| Source of classification or shelving scheme | Dewey Decimal Classification |
| Classification part | RDA-MOD |
| Withdrawn status | Lost status | Source of classification or shelving scheme | Damaged status | Not for loan | Home library | Current library | Shelving location | Date acquired | Source of acquisition | Total Checkouts | Total Renewals | Full call number | Barcode | Date last seen | Date checked out | Price effective from | Koha item type |
|---|---|---|---|---|---|---|---|---|---|---|---|---|---|---|---|---|---|
| Dewey Decimal Classification | Central Library | Central Library | First floor | 21/10/2008 | Purchase | 5 | 45 | 515 SMI | 000014091 | 15/07/2025 | 03/12/2019 | 21/10/2008 | Book - Borrowing | ||||
| Dewey Decimal Classification | Central Library | Central Library | First floor | 21/10/2008 | Purchase | 6 | 32 | 515 SMI | 000014090 | 15/07/2025 | 23/09/2021 | 21/10/2008 | Book - Borrowing | ||||
| Dewey Decimal Classification | Central Library | Central Library | First floor | 21/10/2008 | Purchase | 515 SMI | 000014089 | 15/07/2025 | 21/10/2008 | NB - Book (Non borrowing) | |||||||
| Dewey Decimal Classification | Central Library | Central Library | First floor | 21/10/2008 | Purchase | 3 | 28 | 515 SMI | 000014088 | 15/07/2025 | 20/10/2018 | 21/10/2008 | Book - Borrowing | ||||
| Dewey Decimal Classification | Central Library | Central Library | First floor | 21/10/2008 | Purchase | 6 | 31 | 515 SMI | 000014087 | 15/07/2025 | 28/12/2019 | 21/10/2008 | Book - Borrowing |